000 00961nam a2200229Ia 4500
005 20260430150805.0
008 008 250103s9999 xx 000 0 hin d
037 _aTheses
040 _aCRL
040 _bhin
040 _chin
041 _2hin
041 _ahin
084 _qCRL
100 _aओझा, जया, ले.
_9870216
245 0 _aगठबंधनीय विपक्ष एवं भारतीय संसदीय लोकतंत्रः राष्ट्रीय जनतांत्रिक गठबंधन तथा संयुक्त प्रगतिशील गठबंधन का एक तुलनात्मक अध्ययन
260 _c2024
300 _a231पृ.
700 _aदिल्ली विश्वविद्यालय. समाजिक विज्ञान. राजनिति विज्ञान
_91238351
942 _cTH
999 _c1850790
_d1850790